000 00337nam a2200145Ia 4500
008 230312s9999||||xx |||||||||||||| ||und||
020 _a3-8228-5972-9
082 _a759.4
_bHEI-C
100 _aHeinrich;Christoph
245 0 _aClaude Monet
260 _bTaschen
_aGarmany
_c2004
300 _a96
650 _aArchitecture
942 _cBK
999 _c11958
_d11958